|
|
|
|
| LEADER |
00000nam0a2200000 4500 |
| 001 |
53932 |
| 005 |
20231031050025.0 |
| 035 |
|
|
|a (RuTPU)RU\TPU\book\56529
|
| 090 |
|
|
|a 53932
|
| 100 |
|
|
|a 20030626d1979 km y0rusy50 ca
|
| 101 |
0 |
|
|a rus
|
| 102 |
|
|
|a RU
|
| 105 |
|
|
|a a z 001zy
|
| 200 |
1 |
|
|a Системы фазовой автоподстройки частоты с элементами дискретизации
|f В. В. Шахгильдян, А. А. Ляховкин, В. Л. Карякин и др.
|g Под ред. В. В. Шахгильдяна
|
| 210 |
|
|
|a Москва
|c Связь
|d 1979
|
| 215 |
|
|
|a 224 с.
|c ил.
|
| 320 |
|
|
|a Библиогр.: с. 215-221
|
| 320 |
|
|
|a Предм. указ.: с. 222-223
|
| 610 |
1 |
|
|a фазовая автоподстройка
|
| 610 |
1 |
|
|a частоты
|
| 610 |
1 |
|
|a системы
|
| 610 |
1 |
|
|a расчеты
|
| 675 |
|
|
|a 621.372
|v 3
|
| 701 |
|
1 |
|a Шахгильдян
|b В. В.
|g Ваган Ваганович
|
| 701 |
|
1 |
|a Ляховкин
|b А. А.
|g Александр Алексеевич
|
| 701 |
|
1 |
|a Карякин
|b В. Л.
|g Владимир Леонидович
|
| 701 |
|
1 |
|a Петров
|b В. А.
|g владимир Анатольевич
|
| 701 |
|
1 |
|a Федосеева
|b В. Н.
|g Валентина Николаевна
|
| 702 |
|
1 |
|a Шахгильдян
|b В. В.
|g Ваган Ваганович
|4 340
|
| 801 |
|
1 |
|a RU
|b 63413507
|c 20030626
|g PSBO
|
| 801 |
|
2 |
|a RU
|b 63413507
|c 20060209
|g PSBO
|
| 942 |
|
|
|c BK
|